000 00547nam a2200181Ia 4500
005 20250508153520.0
008 008 250505s9999 xx 000 0 eng d
037 _aBooks to be hide in OPAC
040 _aFEDL
_beng
_cFEDL
041 _aeng
_2eng
084 _a016.372, MET/O
_qFEDL
245 0 _aBibliography for children's reading
245 0 _cMetropolitan School Study Council
260 _aNew York, USA
_bMetropolitan School Study Council
300 _a12p
942 _cHB
_h016.372, MET/O
999 _c1343422
_d1343422